Loading...
| Mythology | 0 | 3 | 0 | 0 | 30 | 70 | 107.33 | 0 | 2 | 0.00 | 0.00 |
| Literature - British | 0 | 4 | 2 | 1 | 30 | 30 | 79.75 | 1 | 3 | 0.00 | 0.00 |
| History - European | 0 | 3 | 1 | 0 | 25 | 11 | 61.67 | 2 | 3 | 0.00 | 0.00 |
| Fine Arts - Painting and Sculpture | 0 | 3 | 1 | 1 | 25 | 18 | 79.67 | 2 | 2 | 0.00 | 0.00 |
| Fine Arts - Classical Music | 0 | 2 | 0 | 0 | 20 | 81 | 103.00 | 1 | 1 | 0.00 | 0.00 |
| Pop Culture | 0 | 2 | 0 | 0 | 20 | 56 | 71.00 | 0 | 0 | 0.00 | 0.00 |
| Religion | 0 | 2 | 0 | 1 | 20 | 108 | 116.00 | 0 | 0 | 0.00 | 0.00 |
| Science - Biology | 0 | 2 | 0 | 0 | 20 | 70 | 79.50 | 0 | 0 | 0.00 | 0.00 |
| Social Science | 0 | 2 | 2 | 0 | 10 | 72 | 83.50 | 1 | 2 | 0.00 | 0.00 |
| Other Academic | 0 | 1 | 0 | 0 | 10 | 85 | 85.00 | 0 | 1 | 0.00 | 0.00 |
| Literature - American | 0 | 1 | 0 | 0 | 10 | 141 | 141.00 | 0 | 1 | 0.00 | 0.00 |
| History - American | 0 | 2 | 2 | 0 | 10 | 64 | 77.00 | 1 | 2 | 0.00 | 0.00 |
| Fine Arts - Other | 0 | 1 | 2 | 0 | 0 | 16 | 16.00 | 1 | 1 | 0.00 | 0.00 |
| Philosophy | 0 | 0 | 1 | 0 | -5 | 0.00 | 0 | 0 | 0.00 | 0.00 | |
| History - World | 0 | 0 | 3 | 0 | -15 | 0.00 | 0 | 0 | 0.00 | 0.00 |